| 000 | 01125nam a22003137a 4500 | ||
|---|---|---|---|
| 001 | 851 | ||
| 005 | 20250404102017.0 | ||
| 020 | _a0689821948 | ||
| 040 |
_aDLC _cDLC _dDLC _beng |
||
| 050 | 0 | 0 |
_aPZ7.S78694 _bCk 2000 |
| 082 | 0 | 0 |
_a899.22108002 _221 |
| 100 | 1 | _aStanley, George Edward. | |
| 245 | 1 | 4 |
_aThe clue of the left-handed envelope / _cGeorge E. Stanley ; illustrated by Salvatore Murdocca. |
| 250 | _aFirst Scholastic printing, April 2002 | ||
| 260 |
_aNew York : _bScholastic, _c2002. |
||
| 300 |
_a62 pages : _billustrations ; _c20 cm. |
||
| 490 | 1 |
_aThird-grade detectives ; _vBook 1 |
|
| 500 | _a"Ready-for-chapters"--Cover. | ||
| 505 | _aN | ||
| 520 | _aWith the help of their third-grade teacher and classmates, Noelle and Todd discover who sent an anonymous letter to Amber Lee. | ||
| 521 | 1 |
_a550
_bLexile |
|
| 521 | 1 |
_aN
_bRaz-Plus |
|
| 650 | 1 |
_aSchools _vFiction. |
|
| 650 | 1 |
_aEnvelopes (Stationery) _vFiction. |
|
| 650 | 1 | _aMystery and detective stories. | |
| 700 | 1 |
_aMurdocca, Salvatore. _eillustrator. |
|
| 906 |
_a7 _bcbc _corignew _d3 _encip _f20 _gy-gencatlg |
||
| 942 |
_2ddc _cBK _n0 |
||
| 999 |
_c851 _d851 |
||